Statistics for Amsterdam Metro stations

Click here to take the quiz!

General Stats

  • This quiz has been taken 87 times
  • The average score is 23 of 57

Answer Stats

Line(s)Station name% Correct
51, 52, 53, 54Centraal Station
99%
50, 51, 52Station Zuid
90%
51, 53, 54Amstelstation
86%
52Noord
86%
52Rokin
74%
50, 54Gein
71%
50Station Sloterdijk
71%
52De Pijp
68%
50, 54Station Bijlmer ArenA
68%
50, 51Station RAI
67%
50Isolatorweg
62%
50, 54Station Duivendrecht
62%
51, 53, 54Waterlooplein
62%
51, 53, 54Nieuwmarkt
61%
52Noorderpark
58%
50Station Lelylaan
54%
52Europaplein
52%
50, 54Station Holendrecht
52%
52Vijzelgracht
52%
51, 53, 54Weesperplein
52%
53Gaasperplas
51%
53Station Diemen Zuid
51%
50, 51Overamstel
48%
51, 53, 54Wibautstraat
48%
51, 53, 54Spaklerweg
43%
50Amstelveenseweg
42%
50, 53, 54Van Der Madeweg
39%
50, 54Strandvliet
35%
50Heemstedestraat
32%
53Kraaiennest
32%
50Henk Sneevlietweg
29%
50Jan van Galenstraat
29%
51Westwijk
29%
50, 54Reigersbos
28%
53Venserpolder
28%
50De Vlugtlaan
26%
50Postjesweg
26%
51Uilenstede
25%
53Ganzenhoef
23%
51Amstelveen Centrum
22%
53Verrijn Stuartweg
20%
51De Boelelaan/VU
19%
51Oranjebaan
19%
51A.J. Ernststraat
17%
51Gondel
17%
51Poortwachter
16%
51Sportlaan
16%
51Kronenburg
14%
51Onderuit
14%
51Sacharovlaan
14%
51Zonnestein
14%
51Brink
13%
51Marne
13%
51Meent
13%
51Ouderkerkerlaan
13%
51Spinnerij
13%
51Van Boshuizenstraat
12%

Score Distribution

Percentile by Number Answered

Percent of People with Each Score

Your Score History

You have not taken this quiz